000 00614nam a2200229Ia 4500
003 OSt
005 20220928141807.0
006 a|||||r|||| 00| 0
007 ta
008 220927b |||||||| |||| 00| 0 eng d
024 _a17704
037 _cTextual
040 _aSDCL
_cSDCL
_beng
041 _2eng
_aeng
082 _aW:28x, M0
100 _aPrasad D Ravindera Ed.
_9502236
245 0 _aAdministrative thinkers
260 _c1980
700 _a Prasad V Sivalinga Ed.
_9502237
942 _hW:28x, M0
_cTEXL
_2CC
999 _c819995
_d819995